[Event "4NCL Division Two"]
[Site "Daventry, ENG"]
[Date "2022.10.23"]
[Round "2.17"]
[White "Dilley, Jason M"]
[Black "Walsh, Marcus"]
[Result "1-0"]
[WhiteElo "2182"]
[BlackElo "1980"]
[PlyCount "81"]
[EventDate "2022.10.23"]
[WhiteTeam "The Sharks 2"]
[BlackTeam "The ADs"]

1. d4 Nf6 2. c4 c5 3. d5 e6 4. Nc3 exd5 5. cxd5 d6 6. e4 g6 7. f4 Bg7 8. Bb5+ Nfd7 9. Bd3 O-O 10. Nf3 Na6 11. O-O Nc7 12. a4 Re8 13. Kh1 Nf6 14. Bd2 Rb8 15. Qc2 a6 16. a5 Bd7 17. Rae1 Qe7 18. Bc4 Qf8 19. Qb3 Nb5 20. e5 Ng4 21. e6 Nd4 22. Nxd4 cxd4 23. Ne4 Bb5 24. Bxb5 axb5 25. exf7+ Qxf7 26. Nxd6 Rxe1 27. Rxe1 Qd7 28. Nxb5 Qf7 29. Qf3 Qd7 30. Qe2 Ne3 31. Bxe3 dxe3 32. Qd3 Re8 33. Nc3 Qd6 34. Rxe3 Rxe3 35. Qxe3 Bxc3 36. Qxc3 Qxd5 37. h3 Qe4 38. Qd2 Kg7 39. b4 Kf6 40. Qd6+ Kg7 41. Qe5+ 1-0

[Event "4NCL Division Two"]
[Site "Daventry, ENG"]
[Date "2022.10.23"]
[Round "2.18"]
[White "Smith, Lynda"]
[Black "Volovich, Julia"]
[Result "0-1"]
[WhiteElo "1817"]
[BlackElo "2086"]
[PlyCount "124"]
[EventDate "2022.10.23"]
[WhiteTeam "The ADs"]
[BlackTeam "The Sharks 2"]

1. e4 c6 2. d3 d5 3. Nd2 e5 4. Ngf3 Bd6 5. g3 Nf6 6. Bg2 O-O 7. O-O Re8 8. b3 a5 9. a4 d4 10. Nc4 Bc7 11. Bb2 h6 12. Re1 Nbd7 13. Ba3 b5 14. axb5 cxb5 15. Nd6 Bxd6 16. Bxd6 Ra6 17. Ba3 Qc7 18. Qd2 Rc6 19. Rec1 b4 20. Bb2 Nc5 21. Qd1 Bg4 22. h3 Bxf3 23. Bxf3 Rc8 24. Qd2 Ne6 25. Bd1 Ne8 26. Ra2 Rc5 27. Rca1 Nd6 28. Kg2 Nb7 29. Qe2 Qd8 30. Bc1 Nc7 31. Qg4 Rc6 32. Qf5 Qe8 33. Qh5 Nb5 34. Bb2 Rc5 35. Qg4 R8c6 36. Ra4 Qc8 37. Qxc8+ Rxc8 38. R4a2 R8c7 39. Kf1 Kf8 40. Kg2 g5 41. g4 R7c6 42. Kg3 Kg7 43. Kg2 Nc7 44. Kg3 Ne6 45. Bc1 Kg6 46. Kg2 Rc3 47. Bd2 R3c5 48. Bc1 Ng7 49. Bd2 h5 50. f3 hxg4 51. fxg4 Rc8 52. Be1 Rh8 53. Bg3 Ne6 54. Bf3 Rhc8 55. Bd1 Nc7 56. Be1 Nb5 57. Rb2 Na3 58. Raa2 Nd6 59. h4 gxh4 60. Bxh4 Ndb5 61. Be1 Nc3 62. Bxc3 dxc3 0-1

[Event "4NCL Division Two"]
[Site "Daventry, ENG"]
[Date "2022.10.23"]
[Round "2.21"]
[White "Taylor, Adam A"]
[Black "Cherniaev, Alexander"]
[Result "0-1"]
[WhiteElo "2265"]
[BlackElo "2366"]
[PlyCount "134"]
[EventDate "2022.10.23"]
[WhiteTeam "North East England"]
[BlackTeam "Barnet Knights A"]

1. Nf3 d5 2. b3 Bf5 3. Bb2 e6 4. e3 h6 5. Be2 Nf6 6. O-O Be7 7. c4 O-O 8. d4 c6 9. Nc3 Nbd7 10. Qc1 a5 11. Ba3 Bb4 12. Na4 Bxa3 13. Qxa3 Ne4 14. Qb2 Bg4 15. a3 Bxf3 16. Bxf3 Nd6 17. Rfc1 f5 18. c5 Nf7 19. b4 axb4 20. axb4 e5 21. b5 e4 22. Be2 Ng5 23. bxc6 bxc6 24. Nb6 Rb8 25. Ra6 f4 26. exf4 Rxf4 27. Qd2 Rf7 28. Bg4 Nf6 29. Bf5 g6 30. h4 Nf3+ 31. gxf3 gxf5 32. Qxh6 exf3 33. Ra3 Rg7+ 34. Kf1 Ng4 35. Qf4 Qxh4 36. Qxb8+ Kh7 37. Rxf3 Nh2+ 38. Qxh2 Qxh2 39. Rcc3 Qg2+ 40. Ke2 Qg4 41. Rcd3 Ra7 42. Kd2 f4 43. Kc2 Qg1 44. Rh3+ Kg6 45. Rdg3+ fxg3 46. Rxg3+ Qxg3 47. fxg3 Kf5 48. Nc8 Rg7 49. Nd6+ Ke6 50. Kd2 Rxg3 51. Nb7 Kd7 52. Nd6 Rf3 53. Ke2 Rf8 54. Ke3 Kc7 55. Kd3 Kb8 56. Kc3 Ka7 57. Kb3 Ka6 58. Kb4 Rf4 59. Kc3 Ka5 60. Nc8 Rf3+ 61. Kd2 Kb4 62. Ne7 Rf6 63. Kd3 Kb3 64. Nc8 Rf3+ 65. Ke2 Rf8 66. Na7 Rf6 67. Kd3 Rh6 0-1

[Event "4NCL Division Two"]
[Site "Daventry, ENG"]
[Date "2022.10.23"]
[Round "2.22"]
[White "Rocco, Federico"]
[Black "Turner, Max N"]
[Result "0-1"]
[WhiteElo "2198"]
[BlackElo "2257"]
[PlyCount "58"]
[EventDate "2022.10.23"]
[WhiteTeam "Barnet Knights A"]
[BlackTeam "North East England"]

1. e4 e5 2. Nf3 Nc6 3. d4 exd4 4. Nxd4 Nf6 5. Nxc6 bxc6 6. Nc3 Bb4 7. Bd3 d5 8. exd5 cxd5 9. O-O O-O 10. h3 c6 11. Qf3 Be6 12. Bg5 Rb8 13. Na4 Re8 14. b3 Bd6 15. Rad1 Bc7 16. Bf4 Rb4 17. c4 Bxf4 18. Qxf4 Qa5 19. Rc1 c5 20. Rfe1 Rd8 21. Re2 h6 22. Rec2 dxc4 23. a3 Rxa4 24. bxa4 Rxd3 25. Qb8+ Qd8 26. Qxa7 Rd1+ 27. Kh2 Ng4+ 28. Kg3 Qd6+ 29. Kh4 Nf6 0-1

[Event "4NCL Division Two"]
[Site "Daventry, ENG"]
[Date "2022.10.23"]
[Round "2.23"]
[White "Stubbs, Oliver"]
[Black "Thatte, Nishchal"]
[Result "1-0"]
[WhiteElo "2154"]
[BlackElo "2105"]
[PlyCount "57"]
[EventDate "2022.10.23"]
[WhiteTeam "North East England"]
[BlackTeam "Barnet Knights A"]

1. d4 Nf6 2. Nf3 d5 3. Bf4 c5 4. e3 Nc6 5. Nbd2 cxd4 6. exd4 Bf5 7. Bb5 Rc8 8. Ne5 Qb6 9. Bxc6+ bxc6 10. Nb3 e6 11. g4 Bg6 12. h4 h6 13. Nxg6 fxg6 14. Qd3 Kf7 15. h5 gxh5 16. gxh5 Be7 17. Qg6+ Kf8 18. O-O-O Qd8 19. Rde1 Qd7 20. Rhg1 Rg8 21. Nc5 Bxc5 22. dxc5 Re8 23. Bd6+ Re7 24. Rg3 e5 25. Rb3 e4 26. Rb8+ Ne8 27. f3 a5 28. fxe4 a4 29. Rf1+ 1-0

[Event "4NCL Division Two"]
[Site "Daventry, ENG"]
[Date "2022.10.23"]
[Round "2.24"]
[White "Pollack, Oscar"]
[Black "Henderson, David"]
[Result "1-0"]
[WhiteElo "2111"]
[BlackElo "2170"]
[PlyCount "105"]
[EventDate "2022.10.23"]
[WhiteTeam "Barnet Knights A"]
[BlackTeam "North East England"]

1. e4 e5 2. Nf3 Nc6 3. Bc4 Nf6 4. d3 Be7 5. c3 O-O 6. Nbd2 d5 7. Bb3 Re8 8. h3 h6 9. g4 dxe4 10. dxe4 Nh7 11. Qe2 Bf6 12. Nf1 Na5 13. Bc2 Be6 14. Ne3 Qd7 15. Rg1 Ng5 16. Nxg5 Bxg5 17. Nf5 Qd8 18. Bxg5 hxg5 19. Rd1 Qf6 20. h4 g6 21. hxg5 Qxg5 22. Ne3 Rad8 23. Rh1 Rxd1+ 24. Bxd1 Rd8 25. Qb5 Nc4 26. Rh3 c6 27. Qc5 b6 28. Qxc6 Nxe3 29. Rxe3 Bxg4 30. Bb3 Qh5 31. Qc4 Qh1+ 32. Qf1 Qxf1+ 33. Kxf1 Rd2 34. Rg3 Bh5 35. Rg5 Rxb2 36. Rxe5 a5 37. Re7 g5 38. Re5 Bg6 39. Rxg5 Kf8 40. Bd5 Rc2 41. Rg3 Ke7 42. f4 Bh5 43. Rg5 Rh2 44. Kg1 Rh4 45. Kg2 Rg4+ 46. Rxg4 Bxg4 47. e5 f6 48. Kf2 fxe5 49. fxe5 Be6 50. c4 b5 51. Bxe6 Kxe6 52. cxb5 Kxe5 53. a4 1-0

[Event "4NCL Division Two"]
[Site "Daventry, ENG"]
[Date "2022.10.23"]
[Round "2.25"]
[White "Coathup, Roger H"]
[Black "Willmoth, Robert F"]
[Result "0-1"]
[WhiteElo "2196"]
[BlackElo "2133"]
[PlyCount "104"]
[EventDate "2022.10.23"]
[WhiteTeam "North East England"]
[BlackTeam "Barnet Knights A"]

1. c4 d6 2. Nc3 e5 3. g3 f5 4. Bg2 Nf6 5. d3 Be7 6. e4 c6 7. Nge2 O-O 8. O-O Na6 9. exf5 Bxf5 10. d4 Nb4 11. dxe5 dxe5 12. Bg5 Qc7 13. Bxf6 gxf6 14. Ne4 Be6 15. Qc1 Rad8 16. b3 Bf7 17. Qh6 Bg6 18. h4 Rf7 19. Qc1 f5 20. Ng5 Rf6 21. f4 h6 22. Nf3 Nd3 23. Qc3 Bb4 24. Qc2 e4 25. Nh2 Qb6+ 26. c5 Qxc5+ 27. Qxc5 Bxc5+ 28. Kh1 Nf2+ 29. Kg1 Ng4+ 30. Kh1 Ne3 31. Rfc1 Ba3 32. Rg1 Rd2 33. Rad1 h5 34. Nc3 Rxg2 35. Rxg2 Nxg2 36. Kxg2 Rd6 37. Nf1 b5 38. Kf2 Kf7 39. Ke2 Ke6 40. Ne3 Be8 41. Nc2 Bc5 42. Rc1 Bb6 43. Rd1 c5 44. a3 Ba5 45. Rxd6+ Kxd6 46. b4 cxb4 47. axb4 Bb6 48. Ne3 Bd7 49. Ncd5 Bd8 50. Kd2 a5 51. Kc2 Be6 52. Nc3 axb4 0-1

[Event "4NCL Division Two"]
[Site "Daventry, ENG"]
[Date "2022.10.23"]
[Round "2.26"]
[White "Eden, Tomer"]
[Black "Dargan, Paul A G"]
[Result "1/2-1/2"]
[WhiteElo "2136"]
[BlackElo "2143"]
[PlyCount "35"]
[EventDate "2022.10.23"]
[WhiteTeam "Barnet Knights A"]
[BlackTeam "North East England"]

1. d4 Nf6 2. Nf3 e6 3. g3 d5 4. Bg2 Be7 5. O-O O-O 6. c4 dxc4 7. Qc2 a6 8. a4 Bd7 9. Rd1 Bc6 10. Nc3 Bxf3 11. Bxf3 Nc6 12. Bxc6 bxc6 13. a5 Rb8 14. Ra4 Rb4 15. Na2 Rxa4 16. Qxa4 Qb8 17. Qxc4 Qb5 18. Qxb5 1/2-1/2

[Event "4NCL Division Two"]
[Site "Daventry, ENG"]
[Date "2022.10.23"]
[Round "2.27"]
[White "Gazis, Georgios"]
[Black "Ethelontis, Alexandros N"]
[Result "0-1"]
[WhiteElo "1932"]
[BlackElo "2040"]
[PlyCount "80"]
[EventDate "2022.10.23"]
[WhiteTeam "North East England"]
[BlackTeam "Barnet Knights A"]

1. e4 e6 2. d4 d5 3. Nc3 Bb4 4. Nge2 Nc6 5. a3 Ba5 6. b4 Bb6 7. Bb2 Nge7 8. g3 e5 9. exd5 Nxd4 10. Bg2 Bg4 11. Qd3 O-O 12. O-O-O a5 13. f4 axb4 14. axb4 Nxe2+ 15. Nxe2 exf4 16. Be4 Ng6 17. h4 Re8 18. Rde1 Bf2 19. Nxf4 Bxe1 20. Rxe1 Nxf4 21. gxf4 h5 22. Bh7+ Kh8 23. Rxe8+ Qxe8 24. Qc3 f6 25. Bd3 Qe3+ 26. Kb1 Qxf4 27. Qc5 Re8 28. Bc3 Qd6 29. Qb5 c6 30. Qxb7 cxd5 31. Qf7 Rc8 32. Qg6 Kg8 33. Qh7+ Kf8 34. Qh8+ Kf7 35. Qh7 Rxc3 36. Bg6+ Ke6 37. Qg8+ Ke5 38. Qe8+ Kf4 39. Qe1 Qxb4+ 40. Kc1 Rxc2+ 0-1

[Event "4NCL Division Two"]
[Site "Daventry, ENG"]
[Date "2022.10.23"]
[Round "2.28"]
[White "Vyas, Alisha"]
[Black "Salazar Eyre, Emma"]
[Result "1-0"]
[WhiteElo "1900"]
[BlackElo "1540"]
[PlyCount "143"]
[EventDate "2022.10.23"]
[WhiteTeam "Barnet Knights A"]
[BlackTeam "North East England"]

1. e4 e5 2. Nf3 Nc6 3. Bb5 a6 4. Ba4 Nf6 5. d3 b5 6. Bb3 Be7 7. c3 O-O 8. O-O d5 9. exd5 Nxd5 10. h3 Bf5 11. Re1 Qd6 12. d4 exd4 13. Nxd4 Nxd4 14. Qxd4 c6 15. Bxd5 cxd5 16. Bf4 Qc5 17. Qe5 Be6 18. Nd2 Rad8 19. Nb3 Qb6 20. Qe2 Bf6 21. Be3 Qc7 22. Qf3 Rfe8 23. Rad1 Qc4 24. Bb6 Rb8 25. Ba7 Ra8 26. Bd4 Bxd4 27. Rxd4 Qc7 28. Red1 Rad8 29. Qd3 g6 30. Qd2 Rd6 31. Qh6 Bf5 32. Rh4 f6 33. Nd4 Re5 34. f4 Re7 35. Nxf5 gxf5 36. Rd3 Rg7 37. Qh5 Qe7 38. Kh2 Qe4 39. Rd2 Re6 40. Rf2 Ree7 41. Qd1 Rg6 42. g4 fxg4 43. Rxg4 f5 44. Rxg6+ hxg6 45. Qg1 Kg7 46. Qg5 Qe6 47. h4 Qf6 48. Rd2 Rd7 49. Rg2 Rd6 50. h5 Qxg5 51. Rxg5 a5 52. hxg6 Rxg6 53. Rxf5 Rd6 54. Kg3 b4 55. Kg4 bxc3 56. bxc3 a4 57. Re5 d4 58. cxd4 Rxd4 59. Ra5 Kf6 60. Ra6+ Kg7 61. Kf5 Rb4 62. Kg5 Kf7 63. f5 Re4 64. Ra7+ Ke8 65. Kf6 Rb4 66. Ra8+ Kd7 67. Kf7 Kd6 68. f6 Rb7+ 69. Kg8 Ke6 70. Ra6+ Kd7 71. f7 Rb8+ 72. f8=Q 1-0

[Event "4NCL Division Two"]
[Site "Daventry, ENG"]
[Date "2022.10.23"]
[Round "2.31"]
[White "Claridge-Hansen, William"]
[Black "Merry, Alan B"]
[Result "0-1"]
[WhiteElo "2331"]
[BlackElo "2431"]
[PlyCount "50"]
[EventDate "2022.10.23"]
[WhiteTeam "Oxford 1"]
[BlackTeam "Barbican 4NCL"]

1. c4 e5 2. g3 Nf6 3. Bg2 d5 4. cxd5 Nxd5 5. Nf3 Nc6 6. O-O Be7 7. d4 e4 8. Ne5 f5 9. Nxc6 bxc6 10. Qc2 Qd6 11. Nc3 Be6 12. Nxd5 Bxd5 13. Bf4 Qd7 14. Be5 O-O 15. f3 exf3 16. Bxf3 Bg5 17. e4 fxe4 18. Bxe4 Be3+ 19. Kg2 c5 20. Rad1 Rxf1 21. Rxf1 cxd4 22. Bxc7 Rc8 23. Bxd5+ Qxd5+ 24. Rf3 d3 25. Qa4 d2 0-1

[Event "4NCL Division Two"]
[Site "Daventry, ENG"]
[Date "2022.10.23"]
[Round "2.32"]
[White "Franklin, Samuel G A"]
[Black "Gerlagh, Joris"]
[Result "1/2-1/2"]
[WhiteElo "2310"]
[BlackElo "2290"]
[PlyCount "106"]
[EventDate "2022.10.23"]
[WhiteTeam "Barbican 4NCL"]
[BlackTeam "Oxford 1"]

1. c4 Nf6 2. Nc3 e5 3. g3 Bb4 4. Bg2 O-O 5. e4 Nc6 6. Nge2 d6 7. O-O Bc5 8. d3 Bg4 9. h3 Bxe2 10. Nxe2 Nd4 11. Kh2 Nxe2 12. Qxe2 Bd4 13. Rb1 Nd7 14. b3 Nc5 15. f4 exf4 16. gxf4 Qh4 17. Bb2 Qf6 18. Bxd4 Qxd4 19. Rbd1 Rae8 20. Qf2 Ne6 21. Qg3 b6 22. f5 Nc5 23. Qf2 Qxf2 24. Rxf2 a5 25. Kg3 Re7 26. Kf4 Rfe8 27. Bf3 g6 28. Re2 f6 29. h4 gxf5 30. Rg2+ Rg7 31. Rxg7+ Kxg7 32. exf5 Re7 33. d4 Na6 34. a3 Nb8 35. b4 axb4 36. axb4 Na6 37. b5 Nb4 38. Be4 Na2 39. Ra1 Nc3 40. Bd3 d5 41. Ra3 dxc4 42. Rxc3 cxd3 43. Rxd3 Kh6 44. Rc3 Kh5 45. Rc6 Rf7 46. d5 Rd7 47. Ke4 Kxh4 48. Rxf6 Kg5 49. Re6 Rf7 50. Re8 Kf6 51. Re6+ Kg5 52. Re8 Kf6 53. Re6+ Kg5 1/2-1/2

[Event "4NCL Division Two"]
[Site "Daventry, ENG"]
[Date "2022.10.23"]
[Round "2.33"]
[White "Zakarian, David"]
[Black "Taylor, Martin R"]
[Result "0-1"]
[WhiteElo "2301"]
[BlackElo "2342"]
[PlyCount "52"]
[EventDate "2022.10.23"]
[WhiteTeam "Oxford 1"]
[BlackTeam "Barbican 4NCL"]

1. e4 e5 2. f4 exf4 3. Bc4 Nf6 4. Nc3 c6 5. Bb3 d5 6. exd5 Nxd5 7. Nxd5 cxd5 8. Qf3 Qh4+ 9. g3 fxg3 10. hxg3 Qe4+ 11. Kf1 Bg4 12. Qxe4+ dxe4 13. Bd5 Nc6 14. Bxe4 O-O-O 15. c3 Bd6 16. Kf2 Rhe8 17. Bxc6 bxc6 18. d4 Re6 19. Bd2 Rf6+ 20. Kg2 Be6 21. Rh2 Bd5+ 22. Kh3 Re8 23. b3 Ree6 24. Re2 Rxe2 25. Nxe2 Rf2 26. Re1 Be6+ 0-1

[Event "4NCL Division Two"]
[Site "Daventry, ENG"]
[Date "2022.10.23"]
[Round "2.34"]
[White "Cox, John J"]
[Black "Hansen, Hans-Peter"]
[Result "1-0"]
[WhiteElo "2307"]
[BlackElo "2153"]
[PlyCount "81"]
[EventDate "2022.10.23"]
[WhiteTeam "Barbican 4NCL"]
[BlackTeam "Oxford 1"]

1. c4 c5 2. Nc3 Nc6 3. g3 g6 4. Bg2 Bg7 5. d3 Nf6 6. a3 O-O 7. Rb1 a5 8. Bf4 h6 9. Nf3 d6 10. O-O e5 11. Be3 Be6 12. Ne1 Qd7 13. Nc2 a4 14. b4 axb3 15. Rxb3 Rfb8 16. Qb1 Nd4 17. Bxd4 exd4 18. Ne4 Ne8 19. Rb6 f5 20. Nxc5 dxc5 21. Rxe6 Kh7 22. Rb6 Nd6 23. Qb3 Bf6 24. Qb2 Kg7 25. Qb1 Ra7 26. Bd5 h5 27. Qc1 Re8 28. Qf4 Be5 29. Qf3 Re7 30. h4 f4 31. gxf4 Bf6 32. Kh1 Bxh4 33. Rg1 Ra6 34. Rxa6 bxa6 35. e4 Kh6 36. Ne1 Rg7 37. Qg2 Bd8 38. Nf3 Qe7 39. Qg5+ Kh7 40. Qxe7 Bxe7 41. Rb1 1-0

[Event "4NCL Division Two"]
[Site "Daventry, ENG"]
[Date "2022.10.23"]
[Round "2.35"]
[White "Hobson, Kenneth"]
[Black "Sowray, Peter J"]
[Result "1-0"]
[WhiteElo "2184"]
[BlackElo "2259"]
[PlyCount "65"]
[EventDate "2022.10.23"]
[WhiteTeam "Oxford 1"]
[BlackTeam "Barbican 4NCL"]

1. e4 e5 2. Nf3 Nc6 3. Bc4 d6 4. c3 f5 5. d3 f4 6. d4 Qf6 7. Na3 Be7 8. dxe5 dxe5 9. Qb3 Nh6 10. Bd5 Nf7 11. Nc4 O-O 12. Bd2 a6 13. O-O-O Bc5 14. Be1 h6 15. h4 Bd6 16. Nxd6 cxd6 17. Nd2 Ne7 18. Bxf7+ Rxf7 19. Nc4 d5 20. Nb6 Rb8 21. exd5 Nf5 22. f3 Ne3 23. Rd2 Bf5 24. g4 Bh7 25. h5 e4 26. d6 exf3 27. Nd7 Qd8 28. Nxb8 Kf8 29. Bh4 Rf6 30. Bxf6 gxf6 31. Qe6 Bg8 32. Nd7+ Kg7 33. Qxf6+ 1-0

[Event "4NCL Division Two"]
[Site "Daventry, ENG"]
[Date "2022.10.23"]
[Round "2.36"]
[White "Navarro Cia, Miguel"]
[Black "Arora, Tashika"]
[Result "1/2-1/2"]
[WhiteElo "2250"]
[BlackElo "2056"]
[PlyCount "76"]
[EventDate "2022.10.23"]
[WhiteTeam "Barbican 4NCL"]
[BlackTeam "Oxford 1"]

1. e4 e5 2. Nf3 Nc6 3. Bb5 a6 4. Bxc6 dxc6 5. O-O Bg4 6. h3 Bxf3 7. Qxf3 Qf6 8. Qg3 O-O-O 9. d3 h6 10. Nd2 Ne7 11. Nc4 Ng6 12. Rb1 Kb8 13. b4 Nf4 14. Re1 g5 15. a4 b5 16. Ne3 h5 17. Nf5 Bd6 18. Bd2 Rdg8 19. Qe3 Kb7 20. c4 h4 21. f3 Rd8 22. Rb3 Ra8 23. Ra1 Qe6 24. Rc1 Rhd8 25. Be1 Bf8 26. a5 Rd7 27. Bf2 f6 28. Kh2 Qf7 29. Rcc3 Ne6 30. Qc1 Nd4 31. Bxd4 exd4 32. Rc2 Qe6 33. Rb1 Bd6+ 34. Kh1 Bf4 35. Qg1 Rad8 36. Rb3 Be5 37. Rb1 Bf4 38. Rb3 Be5 1/2-1/2

[Event "4NCL Division Two"]
[Site "Daventry, ENG"]
[Date "2022.10.23"]
[Round "2.37"]
[White "Zakarian, Dimitrios Levon"]
[Black "Pert, Nina"]
[Result "0-1"]
[WhiteElo "2029"]
[BlackElo "1990"]
[PlyCount "85"]
[EventDate "2022.10.23"]
[WhiteTeam "Oxford 1"]
[BlackTeam "Barbican 4NCL"]

1. d4 e6 2. Nf3 f5 3. Bg5 Be7 4. h4 d6 5. Nc3 Nf6 6. Bxf6 Bxf6 7. e4 fxe4 8. Nxe4 d5 9. Nxf6+ Qxf6 10. Bd3 Nc6 11. c3 Bd7 12. Qb3 O-O-O 13. O-O-O Be8 14. Rde1 Bg6 15. Qc2 Bxd3 16. Qxd3 h6 17. Re2 Rde8 18. Rhe1 g5 19. hxg5 hxg5 20. Qd2 g4 21. Qg5 Rh6 22. Qxg4 Rg6 23. Qh4 Qg7 24. g3 Rf6 25. Ng5 Nd8 26. f4 Rh6 27. Qg4 Qf6 28. Re5 c6 29. R1e2 Rg6 30. Qf3 Reg8 31. Qe3 Qh8 32. Qf2 Qg7 33. Nxe6 Nxe6 34. Rxe6 Rxg3 35. Re8+ Rxe8 36. Rxe8+ Kd7 37. Re2 Qg6 38. f5 Qg4 39. f6 Rf3 40. Re7+ Kc8 41. Qh2 Rf1+ 42. Kd2 Qd1+ 43. Ke3 0-1

[Event "4NCL Division Two"]
[Site "Daventry, ENG"]
[Date "2022.10.23"]
[Round "2.38"]
[White "Pert, Max"]
[Black "Dickinson, Tim R"]
[Result "0-1"]
[WhiteElo "1989"]
[BlackElo "2033"]
[PlyCount "94"]
[EventDate "2022.10.23"]
[WhiteTeam "Barbican 4NCL"]
[BlackTeam "Oxford 1"]

1. e4 c6 2. d4 d5 3. e5 Bf5 4. Nc3 a6 5. g4 Bd7 6. f4 h5 7. g5 Bf5 8. Bd3 Bxd3 9. Qxd3 e6 10. Nf3 Ne7 11. Nh4 g6 12. Be3 Nd7 13. O-O Nb6 14. b3 Nf5 15. Nxf5 exf5 16. Rfe1 Bb4 17. Bf2 Qd7 18. Re2 Bxc3 19. Qxc3 O-O-O 20. Qc5 Qc7 21. Qa3 Rhe8 22. Be1 Nd7 23. Bb4 Nf8 24. Bd6 Qb6 25. c3 Ne6 26. Rf1 Qa7 27. b4 Nxd4 28. cxd4 Rxd6 29. Qc3 Rde6 30. Rc2 Kd7 31. Rfc1 b5 32. Qc5 Ra8 33. a4 Qxc5 34. Rxc5 bxa4 35. Ra1 Ree8 36. Ra5 Reb8 37. R5xa4 Kc7 38. Kf2 Rb6 39. Ke3 Rab8 40. Rb1 a5 41. Rxa5 Rxb4 42. Rxb4 Rxb4 43. Ra7+ Rb7 44. Ra3 h4 45. h3 Kb8 46. Ra6 Rb3+ 47. Kf2 Kb7 0-1

[Event "4NCL Division Two"]
[Site "Daventry, ENG"]
[Date "2022.10.23"]
[Round "2.41"]
[White "Macklin, Paul"]
[Black "Olson, Hamish"]
[Result "1/2-1/2"]
[WhiteElo "2359"]
[BlackElo "2302"]
[PlyCount "82"]
[EventDate "2022.10.23"]
[WhiteTeam "Spirit of Atticus"]
[BlackTeam "Alba"]

1. e4 e5 2. Nf3 Nc6 3. Bc4 Bc5 4. c3 Nf6 5. d3 a6 6. a4 Ba7 7. O-O d6 8. Re1 O-O 9. h3 Kh8 10. Nbd2 Ng8 11. Nf1 f5 12. Bg5 Qe8 13. exf5 Bxf5 14. Ng3 Qg6 15. Be3 Bxe3 16. Rxe3 Bd7 17. b4 Nf6 18. Ba2 Qh6 19. d4 exd4 20. Nxd4 Ne5 21. Qc2 Nh5 22. Nxh5 Qxh5 23. a5 Rf6 24. Rf1 Raf8 25. Bd5 c6 26. Be4 Qh4 27. Qe2 Qg5 28. Bb1 Rf4 29. Bc2 Qh6 30. Rg3 Qf6 31. Re3 Qh6 32. Rg3 g6 33. Re3 Qg7 34. f3 Rh4 35. Re4 Qh6 36. Rxh4 Qxh4 37. Qf2 Qxf2+ 38. Kxf2 g5 39. Re1 Kg7 40. Kg3 h6 41. h4 Rf6 1/2-1/2

[Event "4NCL Division Two"]
[Site "Daventry, ENG"]
[Date "2022.10.23"]
[Round "2.42"]
[White "Shafi, Declan"]
[Black "Mitchell, Martin"]
[Result "1-0"]
[WhiteElo "2213"]
[BlackElo "2197"]
[PlyCount "29"]
[EventDate "2022.10.23"]
[WhiteTeam "Alba"]
[BlackTeam "Spirit of Atticus"]

1. d4 Nf6 2. Nf3 e6 3. g3 c5 4. Bg2 Qb6 5. O-O Nc6 6. dxc5 Bxc5 7. c4 Ne4 8. e3 O-O 9. Nd4 Nxf2 10. Rxf2 Nxd4 11. b4 Bxb4 12. exd4 e5 13. c5 Qc7 14. Qb3 Ba5 15. Na3 1-0

[Event "4NCL Division Two"]
[Site "Daventry, ENG"]
[Date "2022.10.23"]
[Round "2.43"]
[White "Crocker, Philip J"]
[Black "Waldhausen Gordon, Frederick"]
[Result "1/2-1/2"]
[WhiteElo "2233"]
[BlackElo "2167"]
[PlyCount "99"]
[EventDate "2022.10.23"]
[WhiteTeam "Spirit of Atticus"]
[BlackTeam "Alba"]

1. d4 d5 2. c4 e6 3. Nf3 Nf6 4. g3 dxc4 5. Bg2 c5 6. O-O Nc6 7. Qa4 Bd7 8. Qxc4 b5 9. Qc3 Rc8 10. Bg5 cxd4 11. Nxd4 b4 12. Qd3 Nxd4 13. Qxd4 Bc5 14. Qh4 Qb6 15. Bxf6 gxf6 16. Nd2 f5 17. Nb3 Be7 18. Qd4 Qxd4 19. Nxd4 Bf6 20. Rfd1 Ke7 21. e3 e5 22. Nb3 Rc2 23. Rac1 Rhc8 24. Rxc2 Rxc2 25. Rd2 Rxd2 26. Nxd2 f4 27. b3 fxe3 28. fxe3 Bg5 29. Kf2 f5 30. Nc4 e4 31. Bf1 Ke6 32. Be2 Be8 33. Na5 Bd8 34. Nc4 Be7 35. Nd2 a5 36. Nc4 Bd8 37. Nd2 Bg6 38. Nc4 Kd5 39. Nd2 h5 40. Bc4+ Kc5 41. Be2 h4 42. Nc4 Be8 43. Kg2 Bd7 44. Ne5 Bc8 45. Nc4 a4 46. Ne5 Bc7 47. Nc4 hxg3 48. hxg3 Be6 49. Kf2 Bd8 50. Nd2 1/2-1/2

[Event "4NCL Division Two"]
[Site "Daventry, ENG"]
[Date "2022.10.23"]
[Round "2.44"]
[White "Berry, Neil"]
[Black "Carleton, John J"]
[Result "1-0"]
[WhiteElo "2240"]
[BlackElo "2159"]
[PlyCount "69"]
[EventDate "2022.10.23"]
[WhiteTeam "Alba"]
[BlackTeam "Spirit of Atticus"]

1. d4 Nf6 2. c4 e5 3. dxe5 Ng4 4. e4 Nxe5 5. f4 Nec6 6. Nc3 a5 7. Be3 Na6 8. Nf3 Bc5 9. Qd2 d6 10. O-O-O O-O 11. Bd3 Bxe3 12. Qxe3 Nc5 13. Bc2 Bg4 14. h3 Bxf3 15. gxf3 a4 16. a3 Na5 17. Rhg1 Ncb3+ 18. Kb1 Nxc4 19. Qd3 Nb6 20. e5 g6 21. Bxb3 axb3 22. Ne4 dxe5 23. Qxb3 Qe7 24. f5 Rfd8 25. Rxd8+ Rxd8 26. fxg6 hxg6 27. Rxg6+ Kh7 28. Rf6 Nd5 29. Rxf7+ Qxf7 30. Ng5+ Kg7 31. Nxf7 Kxf7 32. Qxb7 Ke6 33. Qc6+ Rd6 34. Qe8+ Kf6 35. h4 1-0

[Event "4NCL Division Two"]
[Site "Daventry, ENG"]
[Date "2022.10.23"]
[Round "2.45"]
[White "Ackley, Peter J E"]
[Black "McKay, Roderick M"]
[Result "1/2-1/2"]
[WhiteElo "2088"]
[BlackElo "2201"]
[PlyCount "37"]
[EventDate "2022.10.23"]
[WhiteTeam "Spirit of Atticus"]
[BlackTeam "Alba"]

1. d3 e5 2. g3 f5 3. c4 Nf6 4. Bg2 Be7 5. Nc3 c6 6. e3 Na6 7. Nge2 O-O 8. d4 d6 9. a3 Kh8 10. b3 Qe8 11. Bb2 Nc7 12. Qc2 Be6 13. h3 e4 14. Nf4 Bg8 15. h4 d5 16. c5 Ne6 17. Nce2 Ng4 18. Bc3 Bd8 19. Bh3 1/2-1/2

[Event "4NCL Division Two"]
[Site "Daventry, ENG"]
[Date "2022.10.23"]
[Round "2.46"]
[White "White, Stuart A"]
[Black "Savidge, Daniel"]
[Result "1/2-1/2"]
[WhiteElo "2012"]
[BlackElo "2138"]
[PlyCount "37"]
[EventDate "2022.10.23"]
[WhiteTeam "Alba"]
[BlackTeam "Spirit of Atticus"]

1. d4 f5 2. g3 Nf6 3. Bg2 g6 4. Nf3 Bg7 5. O-O d6 6. c4 O-O 7. Nc3 Qe8 8. b3 Na6 9. Ba3 c5 10. Bb2 Bd7 11. Re1 cxd4 12. Nxd4 Nc5 13. Nd5 Rc8 14. Rc1 Qf7 15. Ba3 Ng4 16. h3 Ne5 17. f4 Nc6 18. e3 Rfd8 19. Nb5 1/2-1/2

[Event "4NCL Division Two"]
[Site "Daventry, ENG"]
[Date "2022.10.23"]
[Round "2.47"]
[White "Doran, Chris"]
[Black "Roy, Ali"]
[Result "0-1"]
[WhiteElo "2008"]
[BlackElo "1913"]
[PlyCount "70"]
[EventDate "2022.10.23"]
[WhiteTeam "Spirit of Atticus"]
[BlackTeam "Alba"]

1. e4 e6 2. d4 d5 3. Nd2 dxe4 4. Nxe4 Nd7 5. Nf3 Ngf6 6. Nxf6+ Nxf6 7. Bd3 Be7 8. O-O O-O 9. c4 b6 10. Qe2 Bb7 11. Rd1 Rc8 12. Ne5 h6 13. Bf4 Bd6 14. Qe3 Qe7 15. Re1 c5 16. d5 exd5 17. Bf5 Rce8 18. Qh3 d4 19. Kf1 Qc7 20. Nd7 Rxe1+ 21. Rxe1 Bxf4 22. Nxf6+ gxf6 23. g3 Bg5 24. Qg4 Bc8 25. f4 Qc6 26. fxg5 Qh1+ 27. Kf2 Qxh2+ 28. Kf1 Bxf5 29. Qxf5 fxg5 30. Qg4 d3 31. Qf3 Qh3+ 32. Kg1 Qd7 33. Rd1 Qd4+ 34. Kh2 d2 35. b3 Re8 0-1

[Event "4NCL Division Two"]
[Site "Daventry, ENG"]
[Date "2022.10.23"]
[Round "2.51"]
[White "Chan, Kim Yew"]
[Black "Brewer, Callum D"]
[Result "1-0"]
[WhiteElo "2273"]
[BlackElo "2156"]
[PlyCount "91"]
[EventDate "2022.10.23"]
[WhiteTeam "SchachAttack"]
[BlackTeam "Sussex Martlets 1"]

1. Nf3 Nf6 2. c4 e6 3. g3 d5 4. Bg2 Be7 5. O-O O-O 6. d4 dxc4 7. Qc2 a6 8. a4 Bd7 9. Qxc4 Bc6 10. Bg5 Nbd7 11. Nc3 a5 12. Rfd1 h6 13. Bxf6 Nxf6 14. e3 Bb4 15. Ne5 Bxg2 16. Kxg2 c6 17. Qb3 Bxc3 18. bxc3 Qd5+ 19. Qxd5 Nxd5 20. Rdc1 Rfc8 21. Rab1 b5 22. c4 bxc4 23. Rxc4 Nb4 24. Rbc1 Ra6 25. g4 f6 26. Nd7 Kf7 27. Nc5 Rb6 28. Ne4 Ke7 29. Rb1 Rbb8 30. Rc5 Ra8 31. Nd2 Rcb8 32. Nc4 Nd3 33. Rxb8 Rxb8 34. Rxa5 Rb4 35. Ra7+ Kf8 36. Nd6 Rb2 37. a5 Rxf2+ 38. Kg3 Ra2 39. a6 Ne1 40. Rf7+ Kg8 41. a7 Kh7 42. h4 Nc2 43. Ne8 Nxe3 44. Rxg7+ Kh8 45. Rb7 Nd5 46. Nc7 1-0